Statistics for Bundesliga 2010's Winners Starting XI

Click here to take the quiz!

General Stats

  • This quiz has been taken 111 times
  • The average score is 39 of 49

Answer Stats

Player % Correct
Robert Lewandowski
100%
Manuel Neuer
100%
Arjen Robben
100%
Thiago Alcántara
99%
Mats Hummels
99%
Thomas Müller
98%
Franck Ribéry
98%
David Alaba
98%
Jérôme Boateng
98%
Joshua Kimmich
96%
Mario Mandžukić
95%
Philipp Lahm
95%
Arturo Vidal
94%
Shinji Kagawa
92%
Serge Gnabry
92%
Javi Martínez
92%
Bastian Schweinsteiger
90%
Mario Götze
90%
James Rodríguez
90%
Xabi Alonso
89%
Niklas Süle
88%
Kingsley Coman
87%
Rafinha
86%
Neven Subotić
84%
Dante
83%
Roman Weidenfeller
78%
Sven Ulreich
77%
Daniel Van Buyten
76%
Leon Goretzka
76%
Douglas Costa
75%
Nuri Şahin
73%
Toni Kroos
73%
Mario Gómez
71%
Martín Demichelis
71%
Marcel Schmelzer
69%
Ivica Olić
67%
Hans-Jörg Butt
66%
Mark van Bommel
65%
Lucas Barrios
63%
Juan Bernat
61%
Łukasz Piszczek
59%
İlkay Gündoğan
57%
Jakub Błaszczykowski
51%
Sebastian Kehl
49%
Kevin Großkreutz
47%
Holger Badstuber
46%
Sven Bender
43%

Score Distribution

Percentile by Number Answered

Percent of People with Each Score

Your Score History

You have not taken this quiz